000 01165nam a22003617a 4500
001 0000047
003 KOHA_MİRAKIL
005 20260207001157.0
007 ta
008 081212b2000 tu |||gr||||#||||0|tur |
020 _a9755910891
_c17,690000000000001
040 _aTR-BiSEU
_btur
_cTR-BiSEU
_erda
041 0 _atur
044 _ctu
050 _aTS155
_b.M84 2000
100 1 _aF. Smith, William.
240 1 0 _aSmith structure and properties of engineering alloys
_lTürkçe
245 0 _aMühendislik alaşımlarının yapı ve özellikleri =
_bSmith structure and properties of engineering alloys/
_cWilliam F. Smith ; çeviren Mehmet Erdoğan.
264 1 _aAnkara :
_bNobel Akademik Yayıncılık
_c2000
300 _a2 c.
336 _ametin
_btxt
_2rdacontent
337 _aaracısız
_bn
_2rdamedia
338 _acilt
_bnc
_2rdacarrier
490 1 _aYayın no.
490 1 _a ;
_v105
650 0 _aÜretim yönetimi.
_91615
650 0 _aEndüstri mühendisliği.
_91616
650 0 _aIndustrial engineering.
_91617
650 0 _aProduction management.
_91618
830 1 _aYayın no.
_91619
830 1 _a ;
_v105
_91620
942 _2lcc
_cBK
999 _c48
_d48